000
00310nam a2200157Ia 4500
100
_a
Nair/Somanathan B
650
_a
Solid state
942
_c
BK
366
_f
25
245
_a
Solid state devices
260
_b
prentice hall
_c
2010
082
_b
NAI
300
_a
376
546
_a
ENGLISH
999
_c
30219
_d
30219